| 000 | 00754nam a2200229Ii 4500 | ||
|---|---|---|---|
| 003 | JO-AjNU | ||
| 008 | 230605s9999||||xx |||||||||||||| ||und|| | ||
| 017 | _a1425/3135 | ||
| 020 | _a9960-687-87-2 | ||
| 040 |
_aJO-AjNU _bara _erda _cJO-AjNU |
||
| 041 | _aara | ||
| 050 | 1 | 4 | _aPJ7541.N34 2005 |
| 100 | 3 |
_aالنحوي،عدنان بن علي رضا بن محمد, _eauthor _923612 |
|
| 245 | 0 | 0 | _aالتجديد في الشعر بين الإبداع والتقليد و الإنحراف |
| 250 | _aط1 | ||
| 264 | 3 | 1 | _aالرياض: دار النحوي، 2005 |
| 300 | _a411ص | ||
| 336 |
_atext _btxt _2rdacontent |
||
| 337 |
_aunmediated _bn _2rdamedia |
||
| 338 |
_avolume _bnc _2rdacarrier |
||
| 650 | 4 |
_aالشعر العربي - نقد _923613 |
|
| 999 |
_aA8567 _c12135 _d12135 |
||